Parki krajobrazowe w województwie łódzkim - Statystyki

Ogólne statystyki
  • Ten quiz został rozwiązany 45 razy
  • Średni wynik to 3 z 7
Statystyki odpowiedzi
powierzchnia km2 Park Krajobrazowy % Poprawnych
116 Wzniesień Łódzkich
77%
205 Bolimowski
56%
131 Spalski
54%
170 Sulejowski
46%
148 Załęczański
46%
253 Międzyrzecza Warty i Widawki
38%
166 Przedborski
28%
Nie znaleziono quizów pasujących do podanych kryteriów
Rozkład punktacji
Procent ludzi z każdym wynikiem
Percentyl według liczby udzielonych odpowiedzi
Twoja historia wyników
Nie rozwiązałeś tego quizu